| 000 | 00650nam a2200181 a 4500 | ||
|---|---|---|---|
| 001 | 000015730 | ||
| 005 | 20250306113119.0 | ||
| 008 | 100217s1979 dr 000 0 spa d | ||
| 040 |
_aDO-SdBNP _bspa _cBNPHU |
||
| 082 |
_a338.1 _bI43b |
||
| 110 | 1 |
_aRepública Dominicana. _bSecretaría de Estado de Agricultura _917769 |
|
| 245 | 1 | 0 | _aInformaciones básicas sobre el proyecto centro de servicios rurales integrados "CENSERI". |
| 260 |
_aSanto Domingo : _bSecretaría de Estado de Agricultura, _c1979. |
||
| 300 |
_a68 p. : _bil. ; _c23 cm. |
||
| 500 | _aIncluye notas al pie de páginas | ||
| 650 | 0 |
_aCooperativas agrícolas _935397 |
|
| 049 | _aBNPD | ||
| 999 |
_c15280 _d15280 |
||